| 000 | 00663cam a2200241 4500 | ||
|---|---|---|---|
| 001 | 4087117 | ||
| 003 | OSt | ||
| 005 | 20250901165744.0 | ||
| 008 | 730816s1974 nyua b 001 0 eng | ||
| 010 | _a 73014683 | ||
| 020 | _a0070144303 | ||
| 040 |
_aDLC _cDLC _dDLC |
||
| 050 | 0 | 0 |
_aQC 23 .C917 1974 _b.C917 |
| 082 | 0 | 0 | _a530 |
| 100 | 1 |
_aCromer, Alan H., _d1935- |
|
| 245 | 1 | 0 |
_aPhysics for the life sciences _c[by] Alan H. Cromer. |
| 260 |
_aNew York, _bMcGraw-Hill _c[1974] |
||
| 300 |
_axii, 497 p. _billus. _c24 cm. |
||
| 504 | _aIncludes bibliographies. | ||
| 650 | 0 | _aPhysics. | |
| 906 |
_a7 _bcbc _corignew _d1 _eocip _f19 _gy-gencatlg |
||
| 942 |
_2lcc _cBK |
||
| 999 |
_c8788 _d8788 |
||